|
|
|
|
| LEADER |
00816nab a2200217 i 4500 |
| 001 |
acta10629 |
| 005 |
20210609091246.0 |
| 008 |
161015s1949 hu o 0|| hun d |
| 022 |
|
|
|a 0563-0649
|
| 040 |
|
|
|a SZTE Egyetemi Kiadványok Repozitórium
|b hun
|
| 041 |
|
|
|a hun
|
| 041 |
|
|
|a fre
|
| 100 |
2 |
|
|a Koltay-Kastner Jenő
|
| 245 |
1 |
0 |
|a Szarvady Kossuthnak Nigrával folytatott beszélgetéséről
|h [elektronikus dokumentum] :
|b Páris, 1859 március 21. : sk. levél O. L. N. M. Kossuth-ir. /
|c Koltay-Kastner Jenő
|
| 260 |
|
|
|c 1949
|
| 300 |
|
|
|a 37-40
|
| 490 |
0 |
|
|a Acta Universitatis Szegediensis : sectio philologica
|
| 695 |
|
|
|a Történelemtudomány
|
| 700 |
0 |
1 |
|a Kossuth Lajos
|e aut
|
| 700 |
0 |
1 |
|a Szarvady Frigyes
|e aut
|
| 856 |
4 |
0 |
|u http://acta.bibl.u-szeged.hu/10629/1/philologica_018_037-040.pdf
|z Dokumentum-elérés
|